000
00305 a2200157 4500
001
178632
020
_a
040
_c
Magnum
100
_a
Baran, Itsche
240
1
0
_a
Plim !
_l
por
245
1
0
_a
Plim !
362
0
_a
1899
440
1
_a
Loyola
697
_a
MAGNITO: IJ/FADAS, FANTASIA
942
_c
BK
999
_c
178632
_d
178632